00316nam a2200133Ia 4500008004100000020001500041041001200056100001500068245003300083250000800116260003900124300000800163650001100171221030s9999 xx 000 0 und d a9332557161 aEnglish aJ. Bhasker 2aA VHDL Primercby J. Bhasker a3rd bPearson EducationaNew Delhic2016 a395 aBB ECE